000 02122nam a2200217 a 4500
999 _c549
_d549
003 AR-BaISA
005 20221017131951.0
007 ta
008 190401s2012 sp ado|| |||| 001 0 spa d
020 _a9788415419471
040 _cAR-BaISA
082 0 4 _222
_a616.075 J453
100 1 0 _91375
_aJensen, Sharon
_eaut.
245 1 0 _aValoración de la salud en enfermería:
_buna guía para la práctica /
_cSharon Jensen
260 _aBarcelona:
_bWolters Kluwer /
_bLippincott Williams & Wilkins,
_c2012
300 _aXXX, 962 p.:
_bil., graf., fot.
505 _tFUNDAMENTOS DE LA VALORACIÓN DE LA SALUD EN ENFERMERÍA:
_tFunción del profesional de enfermería en la valoración inicial de la salud --
_tEntrevista y diálogo terapéutico --
_tLa anamnesis --
_tTécnicas de exploración física e instrumental --
_tRegistro y comunicación interdisciplinaria --
_tEXÁMENES GENERALES:
_tValoración de la exploración general y de las constantes vitales --
_tValoración del dolor --
_tValoración nutricional --
_tValoración de las etapas de desarrollo --
_tValoración de la salud mental --
_tValoración de la salud social, cultural y espiritual --
_tValoración de la violencia --
_tEXPLORACIÓN POR REGIONES:
_tValoración de la piel, el pelo y las uñas --
_tValoración de la cabeza, el cuello y su sistema linfático --
_tValoración de los ojos --
_tValoración de los oídos --
_tValoración ortorrinolaringológica --
_tValoración torácica y pulmonar --
_tValoración del corazón y los vasos cervicales --
_tValoración de la circulación periférica sanguínea y linfática --
_tValoración de las mamas y las axilas --
_tValoración abdominal --
_tValoración osteomuscular --
_tValoración neurológica --
_tValoración de los genitales y el recto masculinos --
_tValoración de los genitales y el recto femeninos --
_tPOBLACIONES ESPECIALES:
_tMujeres embarazadas --
_tRecién nacidos --
_tInfancia y adolescencia --
_tPersonas mayores --
_tCUADRO COMPLETO:
_tEvaluación física completa del adulto
650 1 4 _94
_aEnfermería
650 1 4 _91376
_aValoración del riesgo en salud
942 _2ddc
_cLI